<?xml version="1.0" encoding="UTF-8"?><?xml-stylesheet type="text/xsl" href="static/style.xsl"?><OAI-PMH xmlns="http://www.openarchives.org/OAI/2.0/" xmlns:xsi="http://www.w3.org/2001/XMLSchema-instance" xsi:schemaLocation="http://www.openarchives.org/OAI/2.0/ http://www.openarchives.org/OAI/2.0/OAI-PMH.xsd"><responseDate>2026-04-13T01:36:55Z</responseDate><request verb="GetRecord" identifier="oai:www.recercat.cat:10230/69827" metadataPrefix="marc">https://recercat.cat/oai/request</request><GetRecord><record><header><identifier>oai:recercat.cat:10230/69827</identifier><datestamp>2025-12-22T20:19:58Z</datestamp><setSpec>com_2072_6</setSpec><setSpec>col_2072_452954</setSpec></header><metadata><record xmlns="http://www.loc.gov/MARC21/slim" xmlns:dcterms="http://purl.org/dc/terms/" xmlns:xsi="http://www.w3.org/2001/XMLSchema-instance" xmlns:doc="http://www.lyncode.com/xoai" xsi:schemaLocation="http://www.loc.gov/MARC21/slim http://www.loc.gov/standards/marcxml/schema/MARC21slim.xsd">
   <leader>00925njm 22002777a 4500</leader>
   <datafield ind2=" " ind1=" " tag="042">
      <subfield code="a">dc</subfield>
   </datafield>
   <datafield ind2=" " ind1=" " tag="720">
      <subfield code="a">Li, Jiali</subfield>
      <subfield code="e">author</subfield>
   </datafield>
   <datafield ind2=" " ind1=" " tag="260">
      <subfield code="c">2025-03-04T17:44:22Z</subfield>
   </datafield>
   <datafield ind2=" " ind1=" " tag="260">
      <subfield code="c">2025-03-04T17:44:22Z</subfield>
   </datafield>
   <datafield ind2=" " ind1=" " tag="260">
      <subfield code="c">2024</subfield>
   </datafield>
   <datafield ind2=" " ind1=" " tag="520">
      <subfield code="a">Treball de fi de màster en Lingüística Teòrica i Aplicada.
Directores: Dra. Pilar Prieto, Dra. Ingrid Vilà-Giménez</subfield>
   </datafield>
   <datafield ind2=" " ind1=" " tag="520">
      <subfield code="a">According to the audience design model, speakers adjust their communication strategies according to the cognitive level and needs of the audience to achieve more effective communication results. Among the various factors that affect audience design, the age of the audience is particularly important. This study investigates how co-speech gestures are used in child-directed speech (CDS) and adult-directed speech (ADS) storytelling tasks.
Following a within-subjects design, 40 young adult participants (35 females and 5 males) from the TEACH-TALK corpus were asked to tell the same story to both simulated adult and child audiences. All gestures (N = 3255) were coded according to referentiality (referentials vs. non-referentials). Referential gestures were further classified according to specific dimensions of referentiality (iconicity, deixis, and metaphoricity). Specifically, referential iconic gestures were classified according to viewpoint (character-viewpoint or CVPT, observer-viewpoint or OVPT, dual-viewpoint or DVPT, and narrator-viewpoint or NVPT) and informativeness (redundant vs. non-redundant). 
The results showed no significant differences in the overall gesture rate, gesture referentiality, and gesture informativeness between ADS and CDS conditions. However, speakers used a higher rate of referential iconic gestures in CDS compared to ADS, and crucially, the rate of CVPT iconic gestures was significantly higher in CDS than in ADS. Our results suggest that speakers adjust their gesture use according to the needs of their audience; specifically, they are more likely to use referential iconic gestures, particularly those from a CVPT perspective, in narrative speech with children than with adults.</subfield>
   </datafield>
   <datafield tag="653" ind2=" " ind1=" ">
      <subfield code="a">Narrative discourse</subfield>
   </datafield>
   <datafield tag="653" ind2=" " ind1=" ">
      <subfield code="a">Adult-directed speech</subfield>
   </datafield>
   <datafield tag="653" ind2=" " ind1=" ">
      <subfield code="a">Child-directed speech</subfield>
   </datafield>
   <datafield tag="653" ind2=" " ind1=" ">
      <subfield code="a">Gesture viewpoint</subfield>
   </datafield>
   <datafield ind2="0" ind1="0" tag="245">
      <subfield code="a">The Use of referential iconic character-viewpoint gestures as an indicator of child-directed narrative speech</subfield>
   </datafield>
</record></metadata></record></GetRecord></OAI-PMH>